Normal view
MARC view
Entry Geographic Name
001 - CONTROL NUMBER
- control field: 42326
003 - CONTROL NUMBER IDENTIFIER
- control field: ARRUPE
005 - DATE AND TIME OF LATEST TRANSACTION
- control field: 20180919123635.0
008 - FIXED-LENGTH DATA ELEMENTS
- fixed length control field: 180919|| aca||aabn | a|a d
040 ## - CATALOGING SOURCE
- Original cataloging agency: ARRUPE
- Transcribing agency: ARRUPE
151 ## - HEADING--GEOGRAPHIC NAME
- Geographic name: United States
- General subdivision: Foreign relations
- Chronological subdivision: 2001-
670 ## - SOURCE DATA FOUND
- Source citation: Work cat.: (ARRUPE)0: Habermas, Jürgen. 42324, The divided West /, c2006.